000 00435nam a2200181Ia 4500
005 20240913125132.0
008 240913s9999||||xx |||||||||||||| ||und||
041 _aENGLISH
082 _A031 N6
100 _aHarkavy,Michael D
245 4 _aThe New Webster s International Encyclopedia
250 _a1st
260 _c1996
_bTrident,USA
500 _aREFERENCE
650 _aGeneral
_bGeneral
942 _cREF
999 _c244874
_d244874